| 000 | 00456nam a2200121 4500 | ||
|---|---|---|---|
| 999 |
_c517230 _d517230 |
||
| 082 | _aTNC T42x54 J78 | ||
| 100 |
_aJoshi, G.V. Rego, P.A. Lobo, Norbert. _924827 |
||
| 245 | _aPrivatishation of banks in India: Present positions and future options | ||
| 260 |
_aMangalore _bCorporation bank chair in Bank Management Department of economic _c2002 |
||
| 300 | _a276p | ||
| 650 |
_aPrivatisation - India _924828 |
||
| 650 |
_aBanks and banking - India _924829 |
||